Tercer informe sobre la situación de los derechos humanos en Colombia

Uloženo v:
Podrobná bibliografie
Korporace: OEA (Autor), Organización de los Estados Americanos (Autor)
Médium: Kniha
Jazyk:španělština
Vydáno: Washington, D.C OEA 1999
Témata:
Tagy: Přidat tag
Žádné tagy, Buďte první, kdo vytvoří štítek k tomuto záznamu!

MARC

LEADER 00000nam a2200000 a 4500
001 UCO5162
003 CL-VaPUC
008 000825e19990000US |||||||||||||||||spa|d
082 0 4 |a 323.4  |b OEA  |2 21 
110 2 |a OEA  |e author  |9 449923 
710 2 |a Organización de los Estados Americanos  |e author  |9 449924 
245 1 0 |a Tercer informe sobre la situación de los derechos humanos en Colombia 
300 |a 372 p 
942 |c BK 
945 |d 20000825 00:00:00  |a cmena 
260 |a Washington, D.C  |b OEA  |c 1999 
650 0 |a Derechos humanos  |9 223025 
650 0 |a Violencia política   |9 321520 
651 0 |a Colombia  |9 256424 
583 |a last modification  |c 20000825 00:00:00  |k Rodrigo Vera 
999 |c 291112  |d 291110 
952 |0 0  |1 0  |4 0  |6 323_400000000000000_OEA_1999  |7 0  |8 A  |9 340802  |a BIBDER  |b BIBDER  |d 2019-11-20  |i 3561488  |o 323.4 OEA 1999  |p 3561488  |r 2023-01-25  |w 2019-11-20  |y BK  |k DER